Statistics for Countries by government AI readiness index

Click here to take the quiz!

General Stats

  • This quiz has been taken 18 times
  • The average score is 23 of 35

Answer Stats

RankInitial letterCountry% Correct
6.FFrance
100%
9.N ZNew Zealand
100%
4.S KSouth Korea
100%
1.UUnited Kingdom
100%
2.UUnited States
100%
8.AAustralia
94%
3.CCanada
94%
10.FFinland
94%
13.GGermany
88%
7.JJapan
88%
5.NNetherlands
88%
11.SSweden
88%
12.SSpain
69%
16.AAustria
63%
18.BBelgium
63%
17.IIreland
63%
21.DDenmark
56%
23.EEstonia
56%
14.IIsrael
56%
19.IItaly
56%
20.SSwitzerland
56%
26.CCzech Republic
50%
34.HHungary
50%
32.IIceland
50%
15.NNorway
50%
29.GGreece
44%
30.LLatvia
44%
22.MMexico
44%
24.PPoland
44%
25.PPortugal
44%
33.SSlovakia
44%
35.LLuxembourg
38%
31.TTurkey
38%
28.SSlovenia
31%
27.CChile
13%

Score Distribution

Percentile by Number Answered

Percent of People with Each Score

Your Score History

You have not taken this quiz